Water environment & technology

Saved in:
Bibliographic Details
Corporate Author: Water Pollution Control Federation
Format: Serial
Language:English
Published: [Alexandria, VA] : The Federation, c1989-
Subjects:
Tags: Add Tag
No Tags, Be the first to tag this record!

MARC

LEADER 00000nas a2200000 i 4500
001 1/48423
008 040212c19899999us u r | |eng||
022 |a 10449493 
035 |l 10072246 
040 |a GR-MY-UA  |b gre  |e aacr 
041 0 |a eng 
082 0 |a 628.1  
110 2 |a Water Pollution Control Federation. 
245 1 0 |a Water environment & technology   |h [περιοδικό] /   |c Water Pollution Control Federation.  
260 |a [Alexandria, VA] :   |b The Federation,   |c c1989- 
300 |a v. ;  |c 28 εκ. 
310 |a Μηνιαίο 
650 0 0 |a Water quality management  |x Periodicals. 
853 |a INST  |b LESVOS  |c SER  |h 628.1 
901 |a BIBL1-2004-1 
970 |a ΤΖΑΦΕΡΗ  |b ΕΥΑΓΓΕΛΙΑ  |z 2004/02/12